Bài tập kiểm toán nâng cao

Các bài tập và bài giải kiểm toán nâng cao

Shranjeno v:
Bibliografske podrobnosti
Glavni avtor: Trịnh, Quốc Hùng
Format: Knjiga
Jezik:Undetermined
Izdano: Tp. Hồ Chí Minh Phương Đông 2012
Teme:
Oznake: Označite
Brez oznak, prvi označite!
Thư viện lưu trữ: Trung tâm Học liệu Trường Đại học Cần Thơ
LEADER 00630nam a2200205Ia 4500
001 CTU_180955
008 210402s9999 xx 000 0 und d
020 |c 35000 
082 |a 657.45 
082 |b H513 
100 |a Trịnh, Quốc Hùng 
245 0 |a Bài tập kiểm toán nâng cao 
245 0 |c Trịnh Quốc Hùng 
260 |a Tp. Hồ Chí Minh 
260 |b Phương Đông 
260 |c 2012 
520 |a Các bài tập và bài giải kiểm toán nâng cao 
650 |a Auditing,Kiểm toán 
910 |a Nguyên 
980 |a Trung tâm Học liệu Trường Đại học Cần Thơ